00498nam a2200145Ia 4500008004100000041000800041082001200049100002100061245004300082260004400125300003300169365000900202999001500211952012600226240624s9999 xx 000 0 und d aeng a613 CLO aCLONINGER ROBERT aFEELING GOOD THE SCIENCE OF WELL BEING c2007aNew YorkbOxford University press axxiii, : 374 : p. : cm. ; 25 cb30 c8123d8123 00104070aIMTNbIMTNcRack 19-Bd2008-01-17eIBHg39.27n2037o613 CLOp8123r2024-06-24 00:00:00t41.7w2024-06-24yBK